00890cam a2200181 a 4500020001700000040000800017082002600025245022500051260007200276300002900348500010100377650001300478650001300491700002100504710005100525856006600576856006600642 a0198536291 : cDLC00a516 OXF 1989 A034 Or.04aThe Mathematics of surfaces III :bbased on the proceedings of a conference organized by the Institute of Mathematics and Its Applications on the mathematics of surfaces, held at Keble College, Oxford in September 1988 / aOxford :bClarendon ;aNew York :bOxford University Press,cc1989. a493 p. :bill. ;c25 cm. aThe third IMA Conference on the Mathematics of Surfaces was held on 19-21, Sept. 1988 in Oxford. 0aSurfaces 0aGeometry1 aHandscomb, D. C.2 aInstitute of Mathematics and Its Applications.42uhttp://www.loc.gov/catdir/enhancements/fy0635/89023001-d.html41uhttp://www.loc.gov/catdir/enhancements/fy0635/89023001-t.html